000 00240nam a2200097Ia 4500
008 190216s9999||||xx |||||||||||||| ||und||
100 _aPadmanabhan Nair
245 0 _aKadhakali Vesham Part-1
260 _bKerala Bhasha Institute
942 _cBK
999 _c25443
_d25443